| 000 | 00777nam a22002177a 4500 | ||
|---|---|---|---|
| 003 | 0 | ||
| 005 | 20250107105205.0 | ||
| 008 | 250107b xxu||||| |||| 00| 0 eng d | ||
| 020 | _a978-1-032-05637-1 | ||
| 050 |
_aLB1028.3 _b.W44 2024 |
||
| 100 | _aWegerif, Rupert | ||
| 245 |
_aThe theory of educational technology _btowards a dialogic foundation for design _cRupert Wegerif and Louis Major |
||
| 260 |
_aNew York City _bRoutledge _cc2024 |
||
| 300 |
_a240 pages ; _c23cm. |
||
| 504 | _aIncludes bibliographical references and index. | ||
| 650 | _aEducational technology--Philosophy. | ||
| 650 | _aEducation--Effect of technological innovations on. | ||
| 650 | _aEducation--aims and objectives. | ||
| 650 | _aInstructional systems--Designs. | ||
| 942 |
_2lcc _cBK |
||
| 999 |
_c366897 _d366897 |
||